Financial Analysis and Performance Comparison between Islamic Banks and Commercial Banks in Pakistan: (Record no. 532448)

000 -LEADER
fixed length control field 00523nam a22001577a 4500
020 ## - INTERNATIONAL STANDARD BOOK NUMBER
Qualifying information Hard Cover.
082 ## - DEWEY DECIMAL CLASSIFICATION NUMBER
Classification number 658
100 ## - MAIN ENTRY--PERSONAL NAME
Personal name Tariq, Mahwish.
245 ## - TITLE STATEMENT
Title Financial Analysis and Performance Comparison between Islamic Banks and Commercial Banks in Pakistan:
Remainder of title 2008-2012
Statement of responsibility, etc. Mehwish Tariq.
260 ## - PUBLICATION, DISTRIBUTION, ETC.
Place of publication, distribution, etc. Islamabad:
Name of publisher, distributor, etc. NBS - NUST,
Date of publication, distribution, etc. 2013.
300 ## - PHYSICAL DESCRIPTION
Extent 54 p, : ill. ;
Dimensions 30cm.
650 ## - SUBJECT ADDED ENTRY--TOPICAL TERM
Topical term or geographic name entry element MBA-Thesis.
700 ## - ADDED ENTRY--PERSONAL NAME
Personal name Fazli Azam.
942 ## - ADDED ENTRY ELEMENTS (KOHA)
Source of classification or shelving scheme
Koha item type Thesis
650 ## - SUBJECT ADDED ENTRY--TOPICAL TERM
-- 17629
700 ## - ADDED ENTRY--PERSONAL NAME
-- 18819
Holdings
Withdrawn status Lost status Source of classification or shelving scheme Damaged status Not for loan Permanent Location Current Location Shelving location Date acquired Full call number Barcode Date last seen Price effective from Koha item type
          Central Library (CL) Central Library (CL) Thesis 11/21/2019 658 CL-T-2446 11/21/2019 11/21/2019 Thesis
© 2023 Central Library, National University of Sciences and Technology. All Rights Reserved.